Text book of surveying (Record no. 9715)

000 -LEADER
fixed length control field 00462nam a2200193 4500
001 - CONTROL NUMBER
control field 9715
003 - CONTROL NUMBER IDENTIFIER
control field BD-DhUET
008 - FIXED-LENGTH DATA ELEMENTS--GENERAL INFORMATION
fixed length control field 150201b xxu||||| |||| 00| 0 eng d
040 ## - CATALOGING SOURCE
Original cataloging agency DLC
Transcribing agency DLC
Modifying agency BD-DhUET
082 ## - DEWEY DECIMAL CLASSIFICATION NUMBER
Classification number 526.9
Item number SHA/1982
100 ## - MAIN ENTRY--PERSONAL NAME
Personal name Shajahan, M.
245 ## - TITLE STATEMENT
Title Text book of surveying
250 ## - EDITION STATEMENT
Edition statement 1st ed.
260 ## - PUBLICATION, DISTRIBUTION, ETC. (IMPRINT)
Place of publication, distribution, etc. Dacca
Name of publisher, distributor, etc. Kazi Mahfuzur Rahman
Date of publication, distribution, etc. 1982
300 ## - PHYSICAL DESCRIPTION
Extent x, 367p.
Other physical details ill.
650 #0 - SUBJECT ADDED ENTRY--TOPICAL TERM
Topical term or geographic name as entry element Surveying
700 ## - ADDED ENTRY--PERSONAL NAME
Personal name Aziz, M. A.
942 ## - ADDED ENTRY ELEMENTS (KOHA)
Koha item type General Book
Holdings
Shelving location Not for loan Koha out on loan Price effective from Koha full call number Koha date last borrowed Lost status Koha issues (times borrowed) Piece designation (barcode) Koha date last seen Date acquired Copy number Withdrawn status Koha normalized classification for sorting Location (home branch) Source of classification or shelving scheme Koha item type Sublocation or collection (holding branch) Damaged status
Circulation section  2015-02-01526.9/SHA/19822024-11-19 756198 2025-12-022015-02-011 526_900000000000000_SHA_1982Central Library, BUET General BookCentral Library, BUET 
Circulation section 2024-12-032015-03-24526.9/SHA/19822024-11-19 8562002024-11-192015-03-242 526_900000000000000_SHA_1982Central Library, BUET General BookCentral Library, BUET 
Reading section  2015-06-08526.9/SHA/1982   561912015-06-082015-06-083 526_900000000000000_SHA_1982Central Library, BUET Reading ItemCentral Library, BUET 
Reading section  2015-06-08526.9/SHA/1982   561952015-06-082015-06-084 526_900000000000000_SHA_1982Central Library, BUET Reading ItemCentral Library, BUET 
Reading section  2015-06-09526.9/SHA/1982   561922015-06-092015-06-095 526_900000000000000_SHA_1982Central Library, BUET Reading ItemCentral Library, BUET 
Reading section  2015-06-13526.9/SHA/1982   561942015-06-132015-06-136 526_900000000000000_SHA_1982Central Library, BUET Reading ItemCentral Library, BUET